000
00254nam a2200109Ia 4500
008
220204s9999 xx 000 0 und d
082
_a
82-3
_b
WIS
100
_a
Wiseman, Thomas
245
0
_a
Day before sunrise
260
_a
London
_b
Pan
_c
1977
942
_c
BK
999
_c
33892
_d
33892